Statistiques concernant Culture Générale - Série 454

Cliquez ici pour prendre le quiz!

Statistiques générales

  • Ce quiz a été pris 172 fois
  • Le résultat moyen est 5 sur 10

Statistiques - réponses

QuestionRéponse% Correct
Depuis 2006, quel moyen de transport relie Lhassa à Pékin sur un parcours de 4 561 kilomètres ?Train
78%
Quel chanteur proclamait "Laisse‐moi t'aimer", en 1970 ?Mike Brant
70%
Quel dinosaure tire son nom du fait qu'il porte trois cornes ?tricératops
68%
Quel est le nom grec d'Hercule, célèbre pour ses 12 travaux ?Héraclès
66%
Quel chanteur des années 60 vendait "des pommes, des poires et des scoubidous" ?Sacha Distel
55%
Quel chanteur a célébré "Ramona" et "Marinella" ?Tino Rossi
47%
Quel pont suspendu de 1 400 mètres de long enjambe l'estuaire de la Seine ?Pont de Tancarville
41%
Le 28 avril 1985, quel homme politique dit que le mot "chébran" est dépassé ?François Mitterrand
39%
Dans le dessin animé, comment se prénomme la nièce de l'inspecteur Gadget ?Sophie
30%
En 2000, quel film d'animation met en scène Aladar, un petit iguanodon élevé par des lémuriens ?Dinosaure
16%

Distribution des résultats

Percentile par nombre de réponses

% des personnes avec chaque résultat

Votre développement - résultats

Vous n’avez pas pris ce quiz